01080 2200349 4500001002100000005001500021035002500036008004100061020002200102040001200124041000800136082001200144084001400156090001800170090002200188100003300210245017200243250002600415260003700441300004300478500001100521504003100532650002700563650001500590650002200605700002200627850001200649007000300661999002200664990002200686990002200708INLIS00000000003489720191014010124 a0010-041800000000076180402s2017 yoia g 1 ind d a978-602-19606-6-0 aYOPDYOG0 aind04223a640 a640 And A aDEP 640 And A aCB-D.11 2017-13180 aAndayani ListyawatiePenulis1 aAlternatif mata pencaharian nelayan :b(kajian pekerjaan sampingan nelayan tradisional dalam memenuhi kesejahteraan keluarga) /cAndayani Listyawati; editor, Suhartono aCetakan pertama, 2017 aYogyakarta :bTotal Media,c2017 avii, 75 halaman :bilustrasi ;c21 cm. aIndeks aBibliografi: halaman 71-72 4aKesejahteraan keluarga 4aPekerajaan 4aIkan, penangkapan0 aSuhartonoeEditor aYOPDYOGta aCB-D.11/2017-1318 aCB-D.11/2017-1318 aCB-D.11/2017-1318